[Event "SN-2012-0-00445"]
[Site "LSS email"]
[Date "2012.07.09"]
[Round "?"]
[White "Meijer, Robert"]
[Black "Feng, Jason"]
[Result "1-0"]
[WhiteElo "839"]
[BlackElo "955"]
[PlyCount "33"]
[EventDate "2012.06.17"]
[EventType "tourn (corr)"]
[EventRounds "6"]
[EventCountry "GER"]
[SourceTitle "Corr 2015"]
[Source "ChessBase"]
[SourceDate "2015.07.17"]
[SourceVersion "1"]
[SourceVersionDate "2015.07.17"]
[SourceQuality "1"]

1. e4 e5 2. Nf3 Nc6 3. d3 Be7 4. Be2 Nf6 5. Nbd2 0-0 6. c3 d6 7. b4 b5 8. a3 Bb7 9. Qc2 a5 10. Bb2 axb4 11. cxb4 Qd7 12. 0-0 Nd8 13. d4 exd4 14. Nxd4 c6 15. Rfc1 c5 16. Bxb5 Qg4 17. Nf5 1-0

[Event "SN-2012-0-00445"]
[Site "LSS email"]
[Date "2012.07.09"]
[Round "?"]
[White "Meijer, Robert"]
[Black "Venturas, Bob"]
[Result "1/2-1/2"]
[WhiteElo "839"]
[BlackElo "718"]
[PlyCount "84"]
[EventDate "2012.06.17"]
[EventType "tourn (corr)"]
[EventRounds "6"]
[EventCountry "GER"]
[SourceTitle "Telechess CBM 153"]
[Source "ChessBase"]
[SourceDate "2013.03.14"]
[SourceVersion "1"]
[SourceVersionDate "2013.03.14"]
[SourceQuality "1"]

1. e4 e5 2. Nf3 Nc6 3. d3 h6 4. c3 Nf6 5. Nbd2 d5 6. b4 Be6 7. a3 Be7 8. Be2 d4 9. Bb2 0-0 10. Qc2 b5 11. 0-0 a5 12. cxd4 exd4 13. Qxc6 Bd7 14. Qc2 axb4 15. Bxd4 bxa3 16. Ra2 b4 17. Nb3 Be6 18. e5 Nd5 19. Rd1 Nf4 20. Bf1 Bd5 21. Bc5 Bxc5 22. Qxc5 Bxb3 23. Raa1 Bxd1 24. Rxd1 Rb8 25. d4 Nd5 26. Bc4 Nc3 27. Ra1 Kh8 28. d5 Qd7 29. Nd4 Rfe8 30. Nc6 Ne4 31. Qe3 Nc3 32. Nxb8 Rxb8 33. Qa7 Rd8 34. Qc5 Qf5 35. Qxb4 Qxe5 36. Qxa3 Nxd5 37. Rd1 c6 38. Qa5 Re8 39. Bxd5 cxd5 40. g3 Qe2 41. Qxd5 f6 42. Rd2 Qe1+ 1/2-1/2

[Event "SN-2012-0-00445"]
[Site "LSS email"]
[Date "2012.07.08"]
[Round "?"]
[White "Linart, Ludvik"]
[Black "Meijer, Robert"]
[Result "0-1"]
[WhiteElo "804"]
[BlackElo "839"]
[PlyCount "75"]
[EventDate "2012.06.17"]
[EventType "tourn (corr)"]
[EventRounds "6"]
[EventCountry "GER"]
[SourceTitle "Telechess CBM 153"]
[Source "ChessBase"]
[SourceDate "2013.03.14"]
[SourceVersion "1"]
[SourceVersionDate "2013.03.14"]
[SourceQuality "1"]

1. d4 Nf6 2. c4 e6 3. Bg5 Be7 4. e3 0-0 5. Bd3 d5 6. c5 c6 7. Ne2 Nbd7 8. 0-0 b6 9. cxb6 Qxb6 10. b3 Ba6 11. Nbc3 Bb4 12. Na4 Qa5 13. Bxf6 Nxf6 14. Qc2 Rac8 15. Rac1 Ba3 16. Rb1 Bxd3 17. Qxd3 Qc7 18. Nc5 Bxc5 19. dxc5 Ng4 20. f4 e5 21. h3 e4 22. Qd4 Nf6 23. Ng3 Rb8 24. Nf5 Qd7 25. Nd6 a5 26. g4 Rb4 27. Qd1 h5 28. Nf5 hxg4 29. hxg4 Rfb8 30. Rf2 a4 31. Rfb2 g6 32. Nd4 Nxg4 33. Qe1 axb3 34. Rxb3 Rxb3 35. Rxb3 Rxb3 36. Nc2 Rb2 37. Qc3 Rxa2 38. Nd4 0-1

[Event "RN-2012-0-00502"]
[Site "LSS email"]
[Date "2012.07.08"]
[Round "?"]
[White "Venturas, Bob"]
[Black "Meijer, Robert"]
[Result "1/2-1/2"]
[WhiteElo "718"]
[BlackElo "839"]
[PlyCount "63"]
[EventDate "2012.06.28"]
[EventType "tourn (corr)"]
[EventRounds "6"]
[EventCountry "GER"]
[SourceTitle "Telechess CBM 153"]
[Source "ChessBase"]
[SourceDate "2013.03.14"]
[SourceVersion "1"]
[SourceVersionDate "2013.03.14"]
[SourceQuality "1"]

1. d4 Nf6 2. Nc3 e6 3. e4 d5 4. e5 Nfd7 5. Nf3 Nc6 6. Bg5 Be7 7. Qd2 0-0 8. Bd3 h6 9. Bxe7 Nxe7 10. 0-0 Nf5 11. Bxf5 exf5 12. Nxd5 c6 13. Ne3 Nb6 14. b3 f4 15. Nc4 Nd5 16. Nd6 b6 17. c4 Ba6 18. Rfe1 Ne7 19. Qxf4 Qc7 20. Rac1 Ng6 21. Qg3 Rad8 22. Rc3 c5 23. d5 Nxe5 24. Nf5 Nxf3+ 25. Qxf3 Bc8 26. Re7 Rde8 27. d6 Qd8 28. Rd3 Bxf5 29. Qxf5 Rxe7 30. dxe7 Qxe7 31. Re3 Qd8 32. Qc2 1/2-1/2

[Event "SN-2011-0-00410"]
[Site "LSS email"]
[Date "2011.12.31"]
[Round "?"]
[White "Holmquist, Marson C"]
[Black "Meijer, Robert"]
[Result "0-1"]
[WhiteElo "536"]
[BlackElo "810"]
[PlyCount "36"]
[EventDate "2011.12.18"]
[EventType "tourn (corr)"]
[EventRounds "6"]
[EventCountry "GER"]
[SourceTitle "Corr 2015"]
[Source "ChessBase"]
[SourceDate "2015.07.17"]
[SourceVersion "1"]
[SourceVersionDate "2015.07.17"]
[SourceQuality "1"]

1. e4 e5 2. Nf3 Nc6 3. Bb5 a6 4. Ba4 b5 5. Bb3 Nh6 6. d4 d6 7. Bxh6 gxh6 8. d5 Nd4 9. Nxd4 exd4 10. Qxd4 Rg8 11. g3 Bg7 12. Qe3 Bxb2 13. 0-0 Bxa1 14. c3 Bh3 15. Re1 Qf6 16. Nd2 Bxc3 17. Rc1 Bxd2 18. Qxd2 Qf3 0-1

[Event "RN-2011-0-00436"]
[Site "LSS email"]
[Date "2011.12.31"]
[Round "?"]
[White "Simmons, Ernest"]
[Black "Meijer, Robert"]
[Result "0-1"]
[WhiteElo "766"]
[BlackElo "795"]
[PlyCount "44"]
[EventDate "2011.12.22"]
[EventType "tourn (corr)"]
[EventRounds "6"]
[EventCountry "GER"]
[SourceTitle "Telechess CBM 157"]
[Source "ChessBase"]
[SourceDate "2013.11.12"]
[SourceVersion "1"]
[SourceVersionDate "2013.11.12"]
[SourceQuality "1"]

1. d4 d5 2. c4 Nf6 3. Nc3 Nc6 4. e3 e6 5. Nf3 Be7 6. Bd3 h6 7. 0-0 Bd7 8. c5 Nb4 9. Bb5 Bxb5 10. Nxb5 c6 11. Nc3 Qc7 12. Ne5 Bxc5 13. Nxf7 Qxf7 14. dxc5 0-0 15. a3 Na6 16. Re1 Nxc5 17. b4 Nce4 18. Bb2 Nxf2 19. Kxf2 Ng4+ 20. Kg1 Qf2+ 21. Kh1 Qh4 22. h3 Nf2+ 0-1

[Event "RN-2011-0-00436"]
[Site "LSS email"]
[Date "2011.12.30"]
[Round "?"]
[White "Meijer, Robert"]
[Black "Billion, Paul"]
[Result "0-1"]
[WhiteElo "795"]
[BlackElo "892"]
[PlyCount "30"]
[EventDate "2011.12.22"]
[EventType "tourn (corr)"]
[EventRounds "6"]
[EventCountry "GER"]
[SourceTitle "Corr 2015"]
[Source "ChessBase"]
[SourceDate "2015.07.17"]
[SourceVersion "1"]
[SourceVersionDate "2015.07.17"]
[SourceQuality "1"]

1. e4 e5 2. Nf3 Nc6 3. d3 Bc5 4. Be2 Nf6 5. 0-0 0-0 6. c3 d6 7. Nbd2 Qd7 8. b4 Bb6 9. a4 a6 10. a5 Ba7 11. Bb2 Nh5 12. d4 Nf4 13. d5 Ne7 14. c4 Qg4 15. h3 Qxg2# 0-1

[Event "SN-2011-0-00404"]
[Site "LSS email"]
[Date "2011.12.07"]
[Round "?"]
[White "Cherry, Brian"]
[Black "Meijer, Robert"]
[Result "0-1"]
[WhiteElo "712"]
[BlackElo "782"]
[PlyCount "50"]
[EventDate "2011.11.11"]
[EventType "tourn (corr)"]
[EventRounds "6"]
[EventCountry "GER"]
[SourceTitle "Telechess CBM 157"]
[Source "ChessBase"]
[SourceDate "2013.11.12"]
[SourceVersion "1"]
[SourceVersionDate "2013.11.12"]
[SourceQuality "1"]

1. e4 c5 2. c4 Nc6 3. Nf3 e5 4. Nc3 Nf6 5. Nd5 Be7 6. Be2 Nxe4 7. g3 0-0 8. Qc2 Ng5 9. h4 Nb4 10. Qc3 Ne4 11. Qxe5 Nc2+ 12. Kf1 Nxa1 13. Qxe4 Re8 14. Ng5 Bxg5 15. Qf5 Bh6 16. Bd3 g6 17. Qf3 Bg7 18. h5 d6 19. h6 Bd4 20. Be4 Bd7 21. Kg2 Bc6 22. d3 f5 23. Bg5 Qxg5 24. Nc7 fxe4 25. Qe2 exd3+ 0-1

[Event "RN-2011-0-00427"]
[Site "LSS email"]
[Date "2011.12.07"]
[Round "?"]
[White "Linart, Ludvik"]
[Black "Meijer, Robert"]
[Result "0-1"]
[WhiteElo "880"]
[BlackElo "823"]
[PlyCount "62"]
[EventDate "2011.11.24"]
[EventType "tourn (corr)"]
[EventRounds "6"]
[EventCountry "GER"]
[SourceTitle "Telechess CBM 155"]
[Source "ChessBase"]
[SourceDate "2013.07.16"]
[SourceVersion "1"]
[SourceVersionDate "2013.07.16"]
[SourceQuality "1"]

1. d4 Nf6 2. Bg5 d5 3. Bxf6 exf6 4. Nf3 Be7 5. e3 0-0 6. Nbd2 a6 7. c4 Bb4 8. c5 b6 9. Rc1 Bg4 10. Be2 bxc5 11. dxc5 Nd7 12. c6 Nb6 13. a3 Bxd2+ 14. Nxd2 Bxe2 15. Qxe2 Na4 16. Nb3 Rb8 17. Nd4 Rxb2 18. Qxa6 Nb6 19. 0-0 Qe7 20. a4 Ra8 21. Qd3 Rxa4 22. g3 Ra3 23. Qd1 Raa2 24. Qg4 g6 25. h4 f5 26. Qf4 Nc4 27. Nf3 Rb4 28. Qh6 Ne5 29. Ng5 f6 30. Nh3 Nf3+ 31. Kg2 Qe4 0-1

[Event "RN-2011-0-00427"]
[Site "LSS email"]
[Date "2011.12.07"]
[Round "?"]
[White "Mori, Roberto"]
[Black "Meijer, Robert"]
[Result "0-1"]
[WhiteElo "721"]
[BlackElo "823"]
[PlyCount "70"]
[EventDate "2011.11.24"]
[EventType "tourn (corr)"]
[EventRounds "6"]
[EventCountry "GER"]
[SourceTitle "Telechess CBM 155"]
[Source "ChessBase"]
[SourceDate "2013.07.16"]
[SourceVersion "1"]
[SourceVersionDate "2013.07.16"]
[SourceQuality "1"]

1. e4 c5 2. Nf3 Nc6 3. d4 cxd4 4. Nxd4 e5 5. Nxc6 bxc6 6. Bc4 Qf6 7. 0-0 d6 8. h3 Be6 9. Qe2 d5 10. exd5 cxd5 11. Bb5+ Bd7 12. Bxd7+ Kxd7 13. Qg4+ Ke8 14. Nc3 Ne7 15. Bg5 Qg6 16. Qg3 f6 17. Bh4 Rb8 18. Qxg6+ hxg6 19. Bg3 Nf5 20. Nxd5 Rxb2 21. c3 Bc5 22. Rfd1 Nxg3 23. Ne3 Ne4 24. Ng4 Nxf2 25. Nxf2 Bxf2+ 26. Kf1 Rh5 27. c4 Rf5 28. Rab1 Bg3+ 29. Kg1 Rff2 30. Rxb2 Rxb2 31. a4 Rc2 32. Rb1 Rxc4 33. Rb8+ Ke7 34. Rb7+ Ke6 35. Rxa7 Rc1# 0-1

[Event "SN-2011-0-00404"]
[Site "LSS email"]
[Date "2011.12.05"]
[Round "?"]
[White "Secondi, Alberto"]
[Black "Meijer, Robert"]
[Result "0-1"]
[WhiteElo "590"]
[BlackElo "782"]
[PlyCount "34"]
[EventDate "2011.11.11"]
[EventType "tourn (corr)"]
[EventRounds "6"]
[EventCountry "GER"]
[SourceTitle "Corr 2015"]
[Source "ChessBase"]
[SourceDate "2015.07.17"]
[SourceVersion "1"]
[SourceVersionDate "2015.07.17"]
[SourceQuality "1"]

1. d4 Nf6 2. c4 e6 3. Nc3 Bb4 4. a3 Bxc3+ 5. bxc3 d5 6. cxd5 Nxd5 7. Qc2 Nc6 8. e4 Nf6 9. Nf3 0-0 10. Bb5 a6 11. Bxc6 bxc6 12. Bf4 h6 13. h3 Rb8 14. 0-0 Bb7 15. Rab1 c5 16. Rfd1 Bxe4 17. Qe2 Bxb1 0-1

[Event "LSS No Engine Cup 30 Preliminary 7"]
[Site "LSS email"]
[Date "2010.11.02"]
[Round "?"]
[White "Meijer, Robert"]
[Black "Cirovic, Zeljko"]
[Result "0-1"]
[WhiteElo "602"]
[BlackElo "1277"]
[PlyCount "48"]
[EventDate "2010.11.03"]
[EventType "tourn (corr)"]
[EventRounds "6"]
[EventCountry "GER"]
[SourceTitle "Telechess CBM 145"]
[Source "Chessbase"]
[SourceDate "2011.11.11"]
[SourceVersion "1"]
[SourceVersionDate "2011.11.11"]
[SourceQuality "1"]

1. d4 Nf6 2. c4 g6 3. Nc3 Bg7 4. e3 c5 5. d5 d6 6. Nf3 e5 7. Bd3 Bg4 8. h3 Nbd7 9. hxg4 Nxg4 10. Ne4 f5 11. Nh2 fxe4 12. Nxg4 exd3 13. 0-0 e4 14. Rb1 h5 15. Nh2 Ne5 16. b4 b6 17. Qa4+ Qd7 18. b5 g5 19. f4 gxf4 20. exf4 Ng4 21. Nxg4 hxg4 22. f5 Bd4+ 23. Rf2 Qxf5 24. Rbb2 g3 0-1

[Event "LSS No Engine Cup 30 Preliminary 7"]
[Site "LSS email"]
[Date "2010.11.02"]
[Round "?"]
[White "Rose, Robert E"]
[Black "Meijer, Robert"]
[Result "0-1"]
[WhiteElo "780"]
[BlackElo "602"]
[PlyCount "44"]
[EventDate "2010.11.03"]
[EventType "tourn (corr)"]
[EventRounds "6"]
[EventCountry "GER"]
[SourceTitle "Telechess CBM 145"]
[Source "Chessbase"]
[SourceDate "2011.11.11"]
[SourceVersion "1"]
[SourceVersionDate "2011.11.11"]
[SourceQuality "1"]

1. e4 c5 2. Nf3 e6 3. d4 cxd4 4. Nxd4 d5 5. exd5 Qa5+ 6. Nc3 exd5 7. Bb5+ Bd7 8. Qe2+ Ne7 9. 0-0 a6 10. Bxd7+ Nxd7 11. Re1 Qc5 12. Nf5 0-0-0 13. Nxe7+ Bxe7 14. Qxe7 Qc6 15. Qxf7 d4 16. Nd5 Qxc2 17. Bg5 Rdf8 18. Ne7+ Kb8 19. Qxg7 Qxf2+ 20. Kh1 d3 21. Be3 Qc2 22. Qe5+ Nxe5 0-1

[Event "LSS No Engine Cup 30 Preliminary 7"]
[Site "LSS email"]
[Date "2010.11.02"]
[Round "?"]
[White "Trani, Francesco"]
[Black "Meijer, Robert"]
[Result "1-0"]
[WhiteElo "1813"]
[BlackElo "602"]
[PlyCount "41"]
[EventDate "2010.11.03"]
[EventType "tourn (corr)"]
[EventRounds "6"]
[EventCountry "GER"]
[SourceTitle "Telechess CBM 145"]
[Source "Chessbase"]
[SourceDate "2011.11.11"]
[SourceVersion "1"]
[SourceVersionDate "2011.11.11"]
[SourceQuality "1"]

1. e4 c5 2. d4 e6 3. d5 exd5 4. exd5 d6 5. Nc3 Nf6 6. Nf3 Qe7+ 7. Be2 Ne4 8. Nxe4 Qxe4 9. 0-0 Be7 10. Bd3 Qb4 11. Re1 Nd7 12. Qe2 Ne5 13. Nxe5 dxe5 14. Qxe5 0-0 15. Qxe7 Bg4 16. Re4 Rae8 17. Qxe8 c4 18. Qe5 Bd7 19. Rxc4 Re8 20. Qxe8+ Bxe8 21. Rxb4 1-0

[Event "SN-2010-0-00271"]
[Site "LSS email"]
[Date "2010.09.03"]
[Round "?"]
[White "Meijer, Robert"]
[Black "Yangibayev, Rustam"]
[Result "1-0"]
[WhiteElo "626"]
[BlackElo "708"]
[PlyCount "41"]
[EventDate "2010.08.11"]
[EventType "tourn (corr)"]
[EventRounds "6"]
[EventCountry "GER"]
[SourceTitle "Telechess CBM 143"]
[Source "ChessBase"]
[SourceDate "2011.07.15"]
[SourceVersion "1"]
[SourceVersionDate "2011.07.15"]
[SourceQuality "1"]

1. d4 Nf6 2. c4 g6 3. Nc3 Bg7 4. e3 Nc6 5. d5 Nb4 6. e4 d6 7. Bd2 Nxe4 8. Nxe4 Na6 9. Bc3 Bxc3+ 10. Nxc3 Bf5 11. Qd4 0-0 12. Nge2 Nc5 13. Ng3 Bd7 14. Be2 c6 15. 0-0 Re8 16. Bh5 e5 17. Qe3 Bc8 18. Qf3 gxh5 19. Nxh5 f5 20. Qg3+ Kf8 21. Qg7# 1-0

[Event "LSS RN-2009-0-00244"]
[Site "LSS email"]
[Date "2009.12.11"]
[Round "?"]
[White "Jokmin, Guido"]
[Black "Meijer, Robert"]
[Result "0-1"]
[WhiteElo "666"]
[BlackElo "557"]
[PlyCount "58"]
[EventDate "2009.11.20"]
[EventType "tourn (corr)"]
[EventRounds "6"]
[EventCountry "GER"]
[SourceTitle "Telechess CBM 137"]
[Source "ChessBase"]
[SourceDate "2010.07.15"]
[SourceVersion "1"]
[SourceVersionDate "2010.07.15"]
[SourceQuality "1"]

1. e4 c6 2. Nf3 d5 3. exd5 cxd5 4. d4 Nf6 5. Be2 Nc6 6. c4 dxc4 7. 0-0 Be6 8. Nc3 h6 9. b3 Qa5 10. Bd2 0-0-0 11. Na4 Qf5 12. Nc5 Nxd4 13. bxc4 Qxc5 14. Qe1 Nc2 15. Qc1 Nxa1 16. Be3 Qh5 17. Qxa1 Qg6 18. Bxa7 Bh3 19. Nh4 Qe4 20. Bf3 Qxh4 21. Qb1 Rd7 22. gxh3 Qxh3 23. Bg2 Qa3 24. Qb6 Qd6 25. Qb3 Qa6 26. Bb6 e6 27. c5 Rd3 28. Bxb7+ Kxb7 29. Ba5+ Rxb3 0-1

[Event "LSS SN-2009-0-00206"]
[Site "LSS email"]
[Date "2009.12.10"]
[Round "?"]
[White "Pehl, Ferenc"]
[Black "Meijer, Robert"]
[Result "0-1"]
[WhiteElo "890"]
[BlackElo "633"]
[PlyCount "72"]
[EventDate "2009.11.30"]
[EventType "tourn (corr)"]
[EventRounds "6"]
[EventCountry "GER"]
[SourceTitle "Telechess CBM 137"]
[Source "ChessBase"]
[SourceDate "2010.07.15"]
[SourceVersion "1"]
[SourceVersionDate "2010.07.15"]
[SourceQuality "1"]

1. e4 c6 2. d4 d5 3. e5 Bf5 4. Bd3 Bxd3 5. Qxd3 e6 6. Nf3 Ne7 7. 0-0 Nf5 8. a3 Be7 9. c4 dxc4 10. Qxc4 Nd7 11. Be3 Nb6 12. Qb3 Qd5 13. Qxd5 Nxd5 14. Re1 0-0 15. Nc3 Rad8 16. Nxd5 Rxd5 17. Red1 Rb5 18. b4 Rd8 19. h3 a5 20. bxa5 Rxa5 21. Bc1 Rad5 22. Bb2 c5 23. a4 Nxd4 24. Nxd4 cxd4 25. f4 d3 26. Kf1 Bb4 27. g3 d2 28. Ke2 Rd3 29. Kf2 Rb3 30. Bc1 Bc3 31. Ra2 Bd4+ 32. Kg2 dxc1Q 33. Rxc1 Bc3 34. Rcc2 Rd3 35. h4 Bb4 36. Rc8+ Bf8 0-1

[Event "LSS SN-2009-0-00206"]
[Site "LSS email"]
[Date "2009.12.09"]
[Round "?"]
[White "Meijer, Robert"]
[Black "Neil, Charles"]
[Result "1-0"]
[WhiteElo "586"]
[BlackElo "490"]
[PlyCount "31"]
[EventDate "2009.11.30"]
[EventType "tourn (corr)"]
[EventRounds "6"]
[EventCountry "GER"]
[SourceTitle "Corr 2015"]
[Source "ChessBase"]
[SourceDate "2015.07.17"]
[SourceVersion "1"]
[SourceVersionDate "2015.07.17"]
[SourceQuality "1"]

1. d4 Nf6 2. c4 e6 3. Nf3 d5 4. cxd5 Nxd5 5. e4 Nb6 6. Nc3 Bb4 7. a3 Bxc3+ 8. bxc3 0-0 9. Bd3 N8d7 10. 0-0 Nf6 11. e5 Nfd5 12. Bxh7+ Kxh7 13. Ng5+ Kg6 14. h4 Ne7 15. h5+ Kf5 16. Qf3# 1-0

[Event "LSS CP-2009-P-00046"]
[Site "LSS email"]
[Date "2009.09.27"]
[Round "?"]
[White "Meijer, Robert"]
[Black "Bulgarini Torre, Marco"]
[Result "0-1"]
[WhiteElo "702"]
[BlackElo "1982"]
[PlyCount "58"]
[EventDate "2009.10.01"]
[EventType "tourn (corr)"]
[EventRounds "6"]
[EventCountry "GER"]
[SourceTitle "Corr 2013"]
[Source "ChessBase"]
[SourceDate "2012.11.12"]
[SourceVersion "1"]
[SourceVersionDate "2012.11.12"]
[SourceQuality "1"]
[WhiteTeam "US of America"]
[BlackTeam "US of America"]
[WhiteTeamCountry "USA"]
[BlackTeamCountry "USA"]

1. d4 Nf6 2. Nc3 d5 3. Nf3 Bf5 4. Ne5 e6 5. e3 Nbd7 6. Bb5 c6 7. Ba4 Nxe5 8. dxe5 Nd7 9. 0-0 Nxe5 10. e4 dxe4 11. Re1 Bb4 12. a3 Bxc3 13. bxc3 Qa5 14. Qd6 Rd8 15. Bxc6+ bxc6 16. Qb4 Qxb4 17. axb4 Rd7 18. f3 Nc4 19. fxe4 Bg6 20. Ra6 Rc7 21. Bf4 e5 22. Bg3 Ke7 23. Bf2 Ra8 24. Bc5+ Ke8 25. Re2 Kd7 26. g4 Kc8 27. Ra1 f6 28. h4 h6 29. h5 Bh7 0-1

[Event "LSS CP-2009-P-00046"]
[Site "LSS email"]
[Date "2009.09.27"]
[Round "?"]
[White "Meijer, Robert"]
[Black "Roques, Pascal"]
[Result "0-1"]
[WhiteElo "705"]
[BlackElo "2193"]
[PlyCount "36"]
[EventDate "2009.10.01"]
[EventType "tourn (corr)"]
[EventRounds "6"]
[EventCountry "GER"]
[SourceTitle "Telechess CBM 137"]
[Source "ChessBase"]
[SourceDate "2010.07.15"]
[SourceVersion "1"]
[SourceVersionDate "2010.07.15"]
[SourceQuality "1"]

1. e4 Nc6 2. Nf3 Nf6 3. e5 Ng4 4. Bc4 Ngxe5 5. d3 Nxf3+ 6. Qxf3 e6 7. 0-0 Nd4 8. Qd1 d5 9. Bb3 Bd6 10. Re1 0-0 11. c3 Nxb3 12. Qxb3 Qf6 13. Be3 b6 14. Qb5 a5 15. Bd4 Qf4 16. Qc6 Qxh2+ 17. Kf1 Ba6 18. Na3 Bxd3+ 0-1

[Event "LSS ZN-2009-0-00715"]
[Site "LSS email"]
[Date "2009.09.01"]
[Round "?"]
[White "Meijer, Robert"]
[Black "Allwardt, David Lawrence"]
[Result "0-1"]
[WhiteElo "705"]
[BlackElo "888"]
[PlyCount "64"]
[EventDate "2009.08.25"]
[EventType "match (corr)"]
[EventRounds "2"]
[EventCountry "GER"]
[SourceTitle "Telechess CBM 137"]
[Source "ChessBase"]
[SourceDate "2010.07.15"]
[SourceVersion "1"]
[SourceVersionDate "2010.07.15"]
[SourceQuality "1"]

1. e4 c5 2. Nc3 d6 3. Nf3 Nc6 4. Bb5 a6 5. Bc4 Nf6 6. Ng5 e6 7. 0-0 h6 8. d3 Be7 9. Re1 Qb6 10. Na4 Qa5 11. Bb3 Nd4 12. Bd2 Qb5 13. c4 Qc6 14. Bc3 b5 15. cxb5 axb5 16. Bxd4 cxd4 17. Qf3 bxa4 18. Rac1 Qb7 19. Bd5 Nxd5 20. Qxf7+ Kd8 21. Nxe6+ Bxe6 22. Qxe6 Nf4 23. Qg4 Nxd3 24. Qxg7 Kd7 25. e5 Nxc1 26. e6+ Kc6 27. Rxc1+ Kb5 28. Qxd4 Rac8 29. Qd3+ Ka5 30. Qd2+ Qb4 31. Qd5+ Kb6 32. a3 Rxc1+ 0-1